LEADER 01725nam a2200361 u 4500 001 000000003818 003 CaOOAMICUS 005 20070226104601.0 008 941010s1991 it u000 u ita u 020 $a88-311-1009-8 035 $a10100904 040 $aPUL(R)$bita 041 1 $aita$hrus 100 0 $aDaniil,$cegumeno,$dm. 1122?.$0(OLS)http://pul/name/3969 240 10$aPravoslavnoe Palestinskoe Ob??estvo.$lItaliano.$0(OLS)http://pul/title/5581 245 10$aItinerario in Terra Santa /$cDaniil Egumeno ; introduzione, traduzione e note a cura di Marcello Garzaniti. 260 $a[Roma] :$bCittà Nuova,$cc1991. 300 $a206 p. ;$c22 cm 490 1 $aFonti cristiane per il terzo millennio ;$v6 504 $aBibliografia: p. 60-65. 600 04$aDaniil,$cegumeno,$dm. 1122?.$tPravoslavnoe Palestinskoe Ob??estvo$lItaliano$xTraduzioni.$0(OLS)http://pul/subject/3156 650 4$aLetteratura russa$ySec. XII$xCritica e interpretazione.$0(OLS)http://pul/subject/3157 650 4$aPellegrini e pellegrinaggi$ySec. XII$zPalestina.$0(OLS)http://pul/subject/3158 651 4$aPalestina$xDescrizione e viaggi.$0(OLS)http://pul/subject/672 700 1 $aGarzaniti, Marcello.$0(OLS)http://pul/name/3970 830 0$aFonti cristiane per il terzo millennio ;$v6.$0(OLS)http://pul/title/2493 850 $aPUL 852 $aPUL$W1$xSL Religione 1$y3$m1 I 26$j5267$nBK-PRI$b $qStampati$B5267$CPULBib$Z2$F5267 $H $81 941 1 $a8 961 $aINV: 67682 996 $6020$a88-311-1009-8$9(OLS)http://pul/number/4970 996 $6245$aItinerario in Terra Santa$9(OLS)http://pul/title/5582 996 $6260$a[Roma] :$bCittà Nuova$9(OLS)http://pul/publisher/48834 LEADER 01246nam a2200289 u 4500 001 000000116095 003 CaOOAMICUS 005 20090610152142.0 008 090610s2007 enkaf u000 u eng r 020 $z978-0-19-921213-2* 040 $aPUL$bita$dLDB 041 1 $aeng$acop 100 1 $aTuckett, C. M.$q(Christopher Mark).$0(OLS)http://pul/name/9796 245 14$aThe Gospel of Mary /$cChristopher Tuckett. 260 $aOxford ;$aNew York :$bOxford University Press,$c2007. 300 $axvii, 226 p., [12] p. di tav. :$bill. ;$c23 cm 490 1 $aOxford early Christian Gospel texts 504 $aBibliografia: p. [207]-213. 546 $aTesto in inglese, brani in copto. 630 04$aApocrypha$pN.T.$kMss. copti.$0(OLS)http://pul/subject/35461 830 0$aOxford early Christian Gospel texts.$0(OLS)http://pul/title/145895 850 $aPUL 852 $aPUL$W1$xSL Religione 3$y85$m229. 8 TUCCH 1$j133019$qDDC 21$B132031$CPULBib$Z2$F132031 $H110624 $82 941 1 $a9 996 $6020$z978-0-19-921213-2*$9(OLS)http://pul/number/141057 996 $6245$aThe Gospel of Mary$9(OLS)http://pul/title/145896 996 $6260$aOxford ;$aNew York :$bOxford University Press$9(OLS)http://pul/publisher/74678